000 00777nam a22002177a 4500
003 0
005 20251015103829.0
008 251015b xxu||||| |||| 00| 0 eng d
020 _a978-1-032-65807-0
050 _aRC 489.S26
_b.F67 2025
100 _aFoster, Ryan D.,
_eauthor.
245 _aHumanistic sandtray therapy :
_bthe definitive guide to philosophy, therapeutic conditions, and the real relationship /
_cRyan D. Foster.
260 _aNew York, NY :
_bRoutledge,
_c2025.
300 _axx, 248 pages :
_billustrations ;
_c23 cm.
504 _aIncludes bibliographical references and index.
650 _aSandplay therapy.
650 _aHumanistic psychotherapy.
650 _aPsychotherapist and patient.
650 _aPsychotherapy
_xPhilosophy.
942 _2lcc
_cBK
999 _c368241
_d368241